00612nam a2200217Ia 4500008004100000041001200041082001000053082001100063100001700074100001100091245003400102260001400136260002100150260000900171300001500180365002500195650002200220942000700242999001900249952012600268150901s9999 xx 000 0 und d aEnglish a302.2 bSHA/TR aSharma R N  eEditor aTribes and tribal development aNew Delhi bUppal Publishers c1984 a489 Pages aRs .250.00  aRural development cBK c237655d237655 00104070aKAUCOAbKAUCOAd2022-03-03g250.00l0o302.2 SHA/TRpKAU-COA-21734 r2015-09-16 00:00:00w2015-09-16yBK